LIBRARY & INFORMATION CENTRE, KCAET, TAVANUR

ONLINE PUBLIC ACCESS CATALOGUE (OPAC)

Mayilppeeli, Poetry / (Record no. 809)

MARC details
000 -LEADER
fixed length control field 00394cam a2200169ua 4500
041 ## - LANGUAGE CODE
Language code of text/sound track or separate title mal
082 ## - DEWEY DECIMAL CLASSIFICATION NUMBER
Classification number 894.8121
Item number ONV/MA
100 ## - MAIN ENTRY--AUTHOR NAME
Personal name Kurup, O N V.
245 ## - TITLE STATEMENT
Title Mayilppeeli, Poetry /
260 ## - PUBLICATION, DISTRIBUTION, ETC. (IMPRINT)
Place of publication Quilon :
Name of publisher M.S Book Depot ,
Year of publication 1964.
300 ## - PHYSICAL DESCRIPTION
Number of Pages 81 ; .
942 ## - ADDED ENTRY ELEMENTS (KOHA)
Koha item type Books
Holdings
Withdrawn status Lost status Damaged status Home library Current library Date acquired Full call number Accession Number Koha item type Public note
Withdrawn     KAUAET KAUAET 07/04/2012 894.8121 5877 Books Deleted
free website counter